[Event "FRA-ch Youth U18 2018"]
[Site "Agen"]
[Date "2018.04.19"]
[Round "6"]
[White "Bauer, Elise"]
[Black "El Barbry, Sarah"]
[Result "1-0"]
[WhiteElo "1489"]
[BlackElo "1750"]
[Annotator "NA"]
[PlyCount "93"]
[EventDate "2018.??.??"]
[EventType "swiss"]
[EventCountry "FRA"]
[SourceTitle "playchess.com"]
[Source "ChessBase"]
[SourceQuality "1"]
[TimeControl "5400+30"]

1. d4 {[%emt 0:00:00]} Nf6 {[%emt 0:06:44]} 2. Bf4 {[%emt 0:00:00]} e6 {[%emt 0:00:06]} 3. Nf3 {[%emt 0:00:00]} d5 {[%emt 0:00:03]} 4. e3 {[%emt 0:00:08]} c5 {[%emt 0:00:03]} 5. c3 {[%emt 0:04:12]} Nc6 {[%emt 0:03:29]} 6. Nbd2 {[%emt 0:00:11]} Bd6 {[%emt 0:00:02]} 7. Bg3 {[%emt 0:00:20]} O-O {[%emt 0:00:07]} 8. Bd3 {[%emt 0:01:21]} b6 {[%emt 0:00:04]} 9. O-O {[%emt 0:00:39]} Bxg3 {[%emt 0:00:41]} 10. hxg3 {[%emt 0:00:18]} Qc7 {[%emt 0:00:34]} 11. Qc2 {[%emt 0:02:35]} c4 {[%emt 0:00:37]} 12. Be2 {[%emt 0:00:43]} Bb7 {[%emt 0:00:37]} 13. e4 {[%emt 0:03:15]} dxe4 {[%emt 0:06:30]} 14. Nxe4 {[%emt 0:01:54]} Nxe4 {[%emt 0:00:05]} 15. Qxe4 {[%emt 0:00:51]} Ne7 {[%emt 0:01:10]} 16. Qc2 {[%emt 0:03:25]} Qc6 {[%emt 0:12:15]} 17. Rfe1 {[%emt 0:04:32]} b5 {[%emt 0:05:32]} 18. Bf1 {[%emt 0:03:17]} a5 {[%emt 0:01:53]} 19. a4 {[%emt 0:01:46]} Rfc8 {[%emt 0:05:42]} 20. Ne5 {[%emt 0:04:44]} Qd5 {[%emt 0:04:09]} 21. axb5 {[%emt 0:02:19]} f6 {[%emt 0:01:39]} 22. Nf3 {[%emt 0:03:03]} Nf5 {[%emt 0:00:45]} 23. Qe2 {[%emt 0:02:26]} Kf7 {[%emt 0:01:21]} 24. Nd2 {[%emt 0:07:33]} Nd6 {[%emt 0:03:32]} 25. Ra4 {[%emt 0:03:16]} Rcb8 {[%emt 0:27:26]} 26. Nxc4 {[%emt 0:04:14]} Bc8 {[%emt 0:00:48]} 27. Rxa5 {[%emt 0:15:41]} Rxa5 {[%emt 0:08:15]} 28. Nxa5 {[%emt 0:01:20]} Nxb5 {[%emt 0:02:35]} 29. Nc4 {[%emt 0:11:16]} Ba6 {[%emt 0:00:55]} 30. Ne3 {[%emt 0:01:55]} Qb3 {[%emt 0:03:05]} 31. Nd1 {[%emt 0:02:03]} Rb6 {[%emt 0:00:55]} 32. Qh5+ {[%emt 0:01:56]} Kf8 {[%emt 0:01:14]} 33. Qxh7 Bb7 34. Qh8+ Kf7 35. Qh5+ {[%emt 0:04:06]} Kf8 {[%emt 0:00:02]} 36. Qc5+ {[%emt 0:01:39]} Nd6 {[%emt 0:00:20]} 37. Bc4 {[%emt 0:01:34]} Qxc4 {[%emt 0:02:29]} 38. Qxb6 {[%emt 0:00:15]} Ke7 {[%emt 0:00:27]} 39. Qc5 {[%emt 0:02:30]} Qxc5 {[%emt 0:01:37]} 40. dxc5 Ne4 41. b4 {[%emt 0:00:27]} Bd5 {[%emt 0:00:06]} 42. Re3 {[%emt 0:01:43]} Nd2 {[%emt 0:00:29]} 43. Nb2 {[%emt 0:00:43]} Kd7 {[%emt 0:00:35]} 44. Rd3 {[%emt 0:01:06]} Nb3 {[%emt 0:01:09]} 45. c4 {[%emt 0:00:34]} Nc1 {[%emt 0:00:10]} 46. cxd5 {[%emt 0:00:43]} Nxd3 {[%emt 0:00:22]} 47. dxe6+ {[%emt 0:00:09]} 1-0

[Event "FRA-ch Youth U18 2018"]
[Site "Agen"]
[Date "2018.04.19"]
[Round "6"]
[White "Breysse, Astrid"]
[Black "Belluire, Beatrice"]
[Result "0-1"]
[WhiteElo "1409"]
[BlackElo "1818"]
[Annotator "NA"]
[PlyCount "106"]
[EventDate "2018.??.??"]
[EventType "swiss"]
[EventCountry "FRA"]
[SourceTitle "playchess.com"]
[Source "ChessBase"]
[SourceQuality "1"]
[TimeControl "5400+30"]

1. e4 {[%emt 0:00:00]} e6 {[%emt 0:00:11]} 2. d4 {[%emt 0:00:29]} d5 {[%emt 0:00:09]} 3. e5 {[%emt 0:00:39]} c5 {[%emt 0:00:12]} 4. c3 {[%emt 0:01:00]} Nc6 {[%emt 0:00:14]} 5. Nf3 {[%emt 0:01:22]} Nge7 {[%emt 0:00:22]} 6. Be2 {[%emt 0:02:39]} Nf5 {[%emt 0:00:40]} 7. a3 {[%emt 0:01:37]} cxd4 {[%emt 0:00:50]} 8. cxd4 {[%emt 0:00:13]} Qb6 {[%emt 0:00:27]} 9. b4 {[%emt 0:01:05]} Nfxd4 {[%emt 0:01:44]} 10. Be3 {[%emt 0:08:05]} Nxf3+ {[%emt 0:00:11]} 11. Bxf3 {[%emt 0:00:03]} Qc7 {[%emt 0:00:54]} 12. Bf4 {[%emt 0:04:31]} Nxe5 {[%emt 0:04:58]} 13. O-O {[%emt 0:08:57]} Nxf3+ {[%emt 0:00:59]} 14. Qxf3 {[%emt 0:00:05]} Bd6 {[%emt 0:01:56]} 15. Rc1 {[%emt 0:03:11]} Qe7 {[%emt 0:02:20]} 16. Be3 {[%emt 0:05:54]} Qf6 {[%emt 0:01:08]} 17. Qxf6 {[%emt 0:23:24]} gxf6 {[%emt 0:00:01]} 18. Nc3 {[%emt 0:00:09]} Bd7 {[%emt 0:01:48]} 19. Re1 {[%emt 0:00:44]} O-O {[%emt 0:04:40]} 20. Rad1 {[%emt 0:02:41]} Rfd8 {[%emt 0:00:52]} 21. Bh6 {[%emt 0:02:44]} Bf8 {[%emt 0:00:18]} 22. Bf4 {[%emt 0:01:24]} Rac8 {[%emt 0:00:58]} 23. Ne2 {[%emt 0:03:30]} Rc2 {[%emt 0:03:44]} 24. Rd3 {[%emt 0:03:59]} Rdc8 {[%emt 0:01:18]} 25. Bd2 {[%emt 0:02:50]} Bb5 {[%emt 0:01:22]} 26. Rg3+ {[%emt 0:03:19]} Kh8 {[%emt 0:00:09]} 27. Bc3 {[%emt 0:00:35]} Bg7 {[%emt 0:01:17]} 28. Nd4 {[%emt 0:03:04]} R2xc3 {[%emt 0:02:41]} 29. Nxb5 {[%emt 0:01:33]} Rxg3 {[%emt 0:00:26]} 30. hxg3 {[%emt 0:00:02]} a6 {[%emt 0:00:57]} 31. Nd6 {[%emt 0:01:14]} Rc7 {[%emt 0:01:44]} 32. Kf1 {[%emt 0:00:15]} Kg8 {[%emt 0:01:30]} 33. Ne8 {[%emt 0:01:39]} Rc2 {[%emt 0:00:13]} 34. Nxg7 {[%emt 0:01:42]} Kxg7 {[%emt 0:00:02]} 35. Re2 {[%emt 0:00:04]} Rc1+ {[%emt 0:00:18]} 36. Re1 {[%emt 0:00:09]} Rxe1+ {[%emt 0:00:20]} 37. Kxe1 {[%emt 0:00:03]} Kg6 {[%emt 0:00:14]} 38. Ke2 {[%emt 0:00:10]} Kf5 {[%emt 0:00:05]} 39. Kd3 {[%emt 0:01:54]} e5 {[%emt 0:01:41]} 40. Ke3 {[%emt 0:00:14]} Ke6 {[%emt 0:00:20]} 41. g4 {[%emt 0:01:04]} f5 {[%emt 0:00:33]} 42. gxf5+ {[%emt 0:02:46]} Kxf5 {[%emt 0:00:01]} 43. Kd3 {[%emt 0:00:11]} Kf4 {[%emt 0:00:36]} 44. Kd2 {[%emt 0:01:05]} h5 {[%emt 0:00:36]} 45. Ke2 {[%emt 0:00:41]} h4 {[%emt 0:00:24]} 46. Kd1 {[%emt 0:00:29]} Ke4 {[%emt 0:00:21]} 47. Ke2 {[%emt 0:00:22]} Kd4 {[%emt 0:00:06]} 48. Kd2 {[%emt 0:00:28]} Kc4 {[%emt 0:00:46]} 49. Kc2 {[%emt 0:00:09]} e4 {[%emt 0:00:12]} 50. Kd2 {[%emt 0:04:49]} d4 {[%emt 0:00:36]} 51. Kc2 {[%emt 0:00:52]} d3+ {[%emt 0:00:20]} 52. Kd2 {[%emt 0:00:06]} Kb3 {[%emt 0:00:57]} 53. f4 {[%emt 0:01:58]} exf3 {[%emt 0:00:39]} 0-1

[Event "FRA-ch Youth U18 2018"]
[Site "Agen"]
[Date "2018.04.20"]
[Round "7"]
[White "Laurent-Paoli, Pierre"]
[Black "Attard, Leopold"]
[Result "1/2-1/2"]
[WhiteElo "2355"]
[BlackElo "2133"]
[Annotator "TA"]
[PlyCount "66"]
[EventDate "2018.??.??"]
[EventType "swiss"]
[EventCountry "FRA"]
[SourceTitle "playchess.com"]
[Source "ChessBase"]
[SourceQuality "1"]

{[%evp 10,66,0,-1,0,0,0,0,0,-27,87,69,69,77,88,83,118,98,68,48,40,44,45,26,66,55,40,21,25,6,25,0,31,35,42,31,33,26,51,52,75,54,86,89,547,28,52,22,17,22,15,10,12,0,7,6,11,11,89]} 1. d4 d5 2. c4 c6 3. cxd5 cxd5 4. Bg5 Nc6 (4... h6 5. Bh4 Qb6 6. Nc3 e5 7. Nf3 Nc6 8. e3 exd4 9. Nxd4 Qxb2 10. Nxd5 Bb4+ 11. Nxb4 Qc3+ {0-1 (20) Mamedyarov,S (2809)-Andreikin,D (2712) Moscow 2018}) 5. Nc3 f6 6. Bd2 {LiveBook: 12 Games. D10: Slav Defence: 3 cxd5 (without early Nf3) and 3 Nc3} Bf5 7. e4 dxe4 8. d5 Ne5 9. Bf4 $146 ({Predecessor:} 9. Nh3 Bxh3 10. Qh5+ g6 11. Qxh3 f5 {½-½ (55) Hakobyan,A (2465)-Hovhannisyan,R (2595) Tsaghkadzor 2017}) 9... Nd3+ (9... a6 $11 {keeps the balance.}) 10. Bxd3 $1 $16 exd3 11. Nf3 $1 e5 12. dxe6 $1 Bc5 13. O-O Ne7 {[%cal Bg8e7,Be7f5,Bf5d4][%mdl 32]} 14. Nh4 O-O 15. Nxf5 Nxf5 16. Qb3 Kh8 17. Rad1 Nd4 18. Qc4 Rc8 19. Qxd3 Nxe6 {...Qxd3 is the strong threat.} 20. Qe4 Qe8 21. Bd6 $36 {[%mdl 2048] White is more active.} Bxd6 22. Rxd6 Nc5 23. Qd4 a5 24. Rd1 Qg6 25. h3 h6 26. Nd5 {Hoping for Ne7.} Rfe8 $2 {[%mdl 8192] [#]} (26... Qe4 $16) 27. Nb6 $2 (27. Nxf6 $1 $18 {[%mdl 512]} Ne6 (27... gxf6 28. Rxf6) 28. Nxe8 Rxe8 29. Qd5) 27... Rc7 $1 $11 28. Rd8 {aiming for Re1.} Kh7 {Threatens to win with ...Ne6.The position is equal.} 29. Rxe8 Qxe8 30. Nd5 Rc6 31. Nf4 Qe4 32. Qxe4+ Nxe4 33. Rd7 b5 {Precision: White = 34%, Black = 39%.} (33... Nc5 $11 34. Re7 Rd6) 1/2-1/2

[Event "FRA-ch Youth U18 2018"]
[Site "Agen"]
[Date "2018.04.20"]
[Round "7"]
[White "Mohammad, Fahim"]
[Black "Willems, Niels"]
[Result "1-0"]
[WhiteElo "2355"]
[BlackElo "2256"]
[Annotator "TA"]
[PlyCount "83"]
[EventDate "2018.??.??"]
[EventType "swiss"]
[EventCountry "FRA"]
[SourceTitle "playchess.com"]
[Source "ChessBase"]
[SourceQuality "1"]

{[%evp 11,83,0,0,-27,-21,-51,-46,-57,-59,-55,-35,-52,-45,-66,0,-8,0,0,23,18,35,17,31,28,20,33,78,73,66,68,168,43,47,35,110,36,226,224,224,224,222,206,239,239,248,247,249,239,261,239,249,233,248,237,338,334,326,317,355,292,601,599,489,460,483,478,593,593,29981,29982,29985,29986,29994,29995]} 1. g3 g6 2. Bg2 Bg7 3. Nf3 c5 4. O-O Nc6 5. d3 e5 6. Nc3 {A04: Unusual lines after 1 Nf3 and King's Indian Attack} (6. e4 Nge7 7. h4 h6 8. Be3 d6 9. Qd2 Be6 10. Nc3 Qd7 11. a3 Bh3 12. Nh2 Bxg2 13. Kxg2 f5 14. b4 Nd4 {0-1 (51) Andriasian,Z (2620)-So,W (2705) Kazan 2013}) 6... d6 {LiveBook: 5 Games} 7. h3 Nge7 8. e3 $146 {The position is equal.} ({Predecessor:} 8. a3 O-O 9. Rb1 f5 10. e4 f4 11. Ne2 fxg3 12. fxg3 h6 {1-0 (56) Sattarov,B (2219)-Rahman,A (2148) Tashkent 2013}) 8... O-O 9. a3 h6 10. Rb1 f5 11. Ne2 Be6 12. Nd2 d5 (12... b5 $15) 13. b4 $11 cxb4 14. axb4 Rc8 15. b5 Na5 16. Ba3 Re8 17. Bb4 $36 {[%mdl 2048] Black is under pressure.} b6 18. Ra1 Qd7 19. Bxa5 bxa5 20. Rxa5 Rc5 (20... Rc7 $14) 21. Qb1 ({White should try} 21. Nb3 $18 Rc7 22. d4) 21... Rb8 $14 {[%cal Rb8b5]} 22. Qa2 Nc8 (22... Rc7 $14) 23. Rb1 (23. d4 $16 Rcxb5 24. Rxb5 Rxb5 25. dxe5) 23... Rcxb5 $2 {[#]} (23... d4 $14 24. Nb3 Rcxb5) 24. Raxb5 $18 Rxb5 25. Rxb5 Qxb5 26. Nc3 $1 {[%csl LRb5,LRd5]} Qc5 27. Bxd5 (27. Nxd5 Kh8) 27... Bxd5 28. Nxd5 {[#] aiming for Nf6+.} (28. Qxd5+ Qxd5 29. Nxd5 Kf7 $16) 28... Kh7 29. c4 {[%cal Bc2c4,Bc4c5,Bc5c6][%mdl 32]} Ne7 {If only Black now had time for ...Nxd5....} 30. Nb3 Qd6 31. Nxe7 (31. Qxa7 $6 Nxd5 32. cxd5 Qxd5 $16) 31... Qxe7 32. c5 Qd7 (32... f4 $142 33. Kh2 (33. gxf4 exf4 34. exf4 Qh4 $18) 33... h5) 33. Qc2 f4 34. Kh2 ({Less strong is} 34. exf4 exf4 35. g4 (35. gxf4 Qxh3 36. c6 Bf8 $18) 35... Qc6 $18) 34... fxe3 35. fxe3 h5 $2 (35... Qc6 36. h4 Bf8) 36. c6 Qc7 37. h4 Bf6 38. Qc4 Bd8 39. Nc5 Qxc6 40. Qf7+ {White mates.} Kh6 41. Ne6 {[%csl Ge6][%cal Rf7g7]} Qc2+ 42. Kh3 {Precision: White = 59%, Black = 28%.} 1-0

[Event "FRA-ch Youth U18 2018"]
[Site "Agen"]
[Date "2018.04.20"]
[Round "7"]
[White "O'Sullivan, Thomas"]
[Black "Heliot, Xabi"]
[Result "1-0"]
[WhiteElo "2291"]
[BlackElo "2160"]
[Annotator "NA"]
[PlyCount "77"]
[EventDate "2018.??.??"]
[EventType "swiss"]
[EventCountry "FRA"]
[SourceTitle "playchess.com"]
[Source "ChessBase"]
[SourceQuality "1"]
[TimeControl "5400+30"]

1. d4 {[%emt 0:00:00]} Nf6 {[%emt 0:00:13]} 2. c4 {[%emt 0:00:00]} e6 {[%emt 0:00:05]} 3. Nc3 {[%emt 0:00:00]} Bb4 {[%emt 0:00:04]} 4. Qc2 {[%emt 0:00:00]} O-O {[%emt 0:00:05]} 5. Nf3 {[%emt 0:00:00]} c5 {[%emt 0:00:04]} 6. dxc5 {[%emt 0:00:12]} Na6 {[%emt 0:00:06]} 7. g3 {[%emt 0:00:05]} Nxc5 {[%emt 0:00:35]} 8. Bg2 {[%emt 0:00:07]} b6 {[%emt 0:06:49]} 9. O-O {[%emt 0:00:11] E39: Nimzo-Indian: Classical: 4...c5 5 dxc5 0-0} Bb7 {[%emt 0:00:05]} 10. Nb5 {[%emt 0:00:13]} Be4 {[%emt 0:12:56]} (10... Nce4 11. Ng5 d5 12. Rd1 Qc8 13. Nxe4 Nxe4 14. Bxe4 dxe4 15. Bf4 Bc6 16. Bd6 Bxb5 17. Bxb4 {½-½ (30) Lenderman,A (2611)-Yu,Y (2760) chess.com INT 2018}) 11. Qd1 {[%emt 0:00:39]} Nb7 {[%emt 0:00:10]} 12. Bf4 {[%emt 0:05:34]} a6 {[%emt 0:17:20]} 13. Nd6 {[%emt 0:11:37]} Nxd6 {[%emt 0:00:40] LiveBook: 11 Games} 14. Bxd6 {[%emt 0:02:54]} Bxd6 {[%emt 0:00:04]} 15. Qxd6 {[%emt 0:00:14]} Qb8 {[%emt 0:15:22] [#]} 16. Rfd1 $146 {[%emt 0:03:20]} Qb7 {[%emt 0:00:20]} 17. Ne1 {[%emt 0:01:54]} Rfc8 {[%emt 0:03:30]} 18. f3 {[%emt 0:09:28]} Bc6 {[%emt 0:00:06]} 19. Nd3 {[%emt 0:03:07]} Qa7 {[%emt 0:06:40]} 20. Ne5 {[%emt 0:16:47]} b5+ {[%emt 0:09:38]} 21. c5 {[%emt 0:02:49]} b4 {[%emt 0:00:45]} 22. Rac1 {[%emt 0:08:15]} Bb5 {[%emt 0:02:00]} 23. f4 {[%emt 0:02:36]} Ne8 {[%emt 0:06:28]} 24. Qe7 {[%emt 0:09:37]} d5 {[%emt 0:00:05]} 25. Qxa7 {[%emt 0:00:28]} Rxa7 {[%emt 0:00:03]} 26. e4 dxe4 {[%emt 0:01:59]} 27. Bxe4 {[%emt 0:01:51]} Rac7 {[%emt 0:03:27]} 28. c6 {[%emt 0:01:30]} f6 {[%emt 0:00:24]} 29. Nd7 {[%emt 0:02:31]} Bxc6 $2 {[%emt 0:03:12]} (29... f5 $16 {might work better.} 30. Bh1 Nf6) 30. Nb6 {[%emt 0:01:05]} Bxe4 {[%emt 0:01:31]} 31. Nxc8 {[%emt 0:00:07]} Bd5 {[%emt 0:00:31]} 32. Rxc7 {[%emt 0:05:56]} Nxc7 {[%emt 0:00:00]} 33. Rc1 {[%emt 0:00:27]} Nb5 {[%emt 0:00:44]} 34. Ne7+ {[%emt 0:00:10]} Kf7 {[%emt 0:00:04]} 35. Nxd5 {[%emt 0:00:07]} exd5 {[%emt 0:00:02]} 36. Rc6 {[%emt 0:00:13]} a5 {[%emt 0:06:05]} 37. Rc5 {[%emt 0:00:51]} Nd6 {[%emt 0:01:17]} 38. Rxd5 {[%emt 0:00:18]} Nc4 $18 {[%emt 0:00:28]} 39. b3 {[%emt 0:00:15]} 1-0

[Event "FRA-ch Youth U18 2018"]
[Site "Agen"]
[Date "2018.04.20"]
[Round "7"]
[White "Lafortune, Emerick"]
[Black "Burri, Quentin"]
[Result "0-1"]
[WhiteElo "2112"]
[BlackElo "2405"]
[Annotator "TA"]
[PlyCount "80"]
[EventDate "2018.??.??"]
[EventType "swiss"]
[EventCountry "FRA"]
[SourceTitle "playchess.com"]
[Source "ChessBase"]
[SourceQuality "1"]

{[%evp 20,80,-2,-20,29,10,10,10,10,4,10,7,32,22,10,-54,0,0,0,0,0,0,0,-14,0,0,7,0,0,-13,-20,-36,-31,-47,-29,-40,0,0,0,0,0,-3,-2,-20,-12,-12,-12,-16,-7,-123,-121,-111,-20,-73,-45,-72,-62,-54,-22,-29985,-29986,-29995,-29996]} 1. d4 d5 2. c4 c6 3. Nf3 Nf6 4. e3 Bf5 5. Nc3 e6 6. Nh4 Be4 7. f3 Bg6 8. Qb3 Qc7 9. Nxg6 {D12: Slav Defence: 3 Nf3 Nf6 4 e3 Bf5} (9. Bd2 Be7 10. g3 Nbd7 11. cxd5 exd5 12. O-O-O a5 13. Nxg6 hxg6 14. Qc2 a4 15. e4 a3 16. e5 axb2+ {0-1 (59) Le,Q (2737)-Mamedov,R (2709) Huaian 2017}) 9... hxg6 10. g3 Nbd7 11. Bd2 {LiveBook: 4 Games. The position is equal.} a6 12. Rc1 dxc4 $146 ({Predecessor:} 12... Bd6 13. f4 g5 14. c5 Be7 15. Bg2 O-O-O 16. Qd1 Nh7 {½-½ (48) Bitan,B (2306)-Shreyansh,D (2234) Chennai 2009}) 13. Bxc4 b5 14. Be2 c5 15. f4 Qa7 16. Bf3 Rc8 17. Ne4 (17. O-O $11) 17... Be7 (17... Nxe4 $15 18. Bxe4 Nf6) 18. Nxc5 $11 Nxc5 19. dxc5 Bxc5 20. Ke2 O-O 21. Bb4 (21. e4 {keeps more tension.} Qb8 22. e5 Nd5 23. Rhd1 g5 24. Bxd5 exd5 25. Rxc5 Rxc5 26. Bb4) 21... Bxb4 22. Qxb4 Nd5 $132 {[%mdl 2048] Black is not keeping still} 23. Bxd5 exd5 24. Rxc8 (24. Kf2 {with more complications.} Qd7 25. Rhd1 Rxc1 26. Rxc1 Qh3 27. Kg1) 24... Rxc8 {[%mdl 4096] Endgame KQR-KQR} 25. Rd1 Qd7 {Threatens to win with ...Qg4+.} 26. Kf3 Qf5 27. Rd2 Qb1 (27... g5 $5 {[%cal Rf5h3]} 28. Qd4 g4+ 29. Kf2 Qh7 30. Qxd5 Qxh2+ 31. Qg2 Qh5 $11) 28. Qd4 Qf1+ 29. Kg4 Qe1 30. Qxd5 Qxe3 31. Kh3 Rc5 32. Qd4 Qe6+ 33. Kg2 Rc8 34. Kf3 (34. b3 $11) 34... Qxa2 $17 35. Qd6 a5 ({Black should try} 35... Qa1 $17 36. Qd7 Qc1) 36. Qb6 (36. Qe7 $11 {remains equal.}) 36... Qb3+ 37. Kg2 {[#]} Kh7 $1 38. Qxa5 Rc2 39. Kh3 $2 {[%mdl 8192]} (39. Qd8 $11) 39... Qe6+ 40. Kh4 {[#]} g5+ $1 {[%mdl 512] Precision: White = 31%, Black = 38%.} 0-1

[Event "FRA-ch Youth U18 2018"]
[Site "Agen"]
[Date "2018.04.20"]
[Round "7"]
[White "Belluire, Beatrice"]
[Black "Chachiachvili, Mariam"]
[Result "1-0"]
[WhiteElo "1818"]
[BlackElo "1752"]
[Annotator "NA"]
[PlyCount "83"]
[EventDate "2018.??.??"]
[EventType "swiss"]
[EventCountry "FRA"]
[SourceTitle "playchess.com"]
[Source "ChessBase"]
[SourceQuality "1"]
[TimeControl "5400+30"]

1. e4 {[%emt 0:00:00]} e5 {[%emt 0:00:14]} 2. Nf3 {[%emt 0:00:00]} Nc6 {[%emt 0:00:18]} 3. Bc4 {[%emt 0:00:00]} Bc5 {[%emt 0:00:11]} 4. b4 {[%emt 0:00:11]} Bxb4 {[%emt 0:02:45]} 5. c3 {[%emt 0:00:01]} Ba5 {[%emt 0:06:50]} 6. d4 {[%emt 0:00:06]} exd4 {[%emt 0:07:33]} 7. Qb3 {[%emt 0:00:05]} Qe7 {[%emt 0:08:04]} 8. O-O {[%emt 0:00:06]} Bb6 {[%emt 0:12:05]} 9. cxd4 {[%emt 0:00:07]} Nxd4 {[%emt 0:08:29]} 10. Nxd4 {[%emt 0:00:05]} Bxd4 {[%emt 0:00:09]} 11. Nc3 {[%emt 0:00:06]} Nf6 {[%emt 0:10:27]} 12. Ba3 {[%emt 0:00:26]} c5 {[%emt 0:14:09]} 13. Rad1 {[%emt 0:16:01]} d6 {[%emt 0:01:19]} 14. Nb5 {[%emt 0:01:07]} O-O {[%emt 0:07:39]} 15. Nxd4 {[%emt 0:01:34]} cxd4 {[%emt 0:00:04]} 16. Rxd4 {[%emt 0:00:14]} Rd8 {[%emt 0:00:57]} 17. Rfd1 {[%emt 0:06:22]} Ne8 {[%emt 0:02:23]} 18. e5 {[%emt 0:10:59]} Qxe5 {[%emt 0:04:08]} 19. Bxf7+ {[%emt 0:00:09]} Kh8 {[%emt 0:00:16]} 20. Bb2 {[%emt 0:20:41]} Qe7 {[%emt 0:02:52]} 21. R4d3 {[%emt 0:01:32]} Nf6 {[%emt 0:04:11]} 22. Re3 {[%emt 0:00:56]} Qf8 {[%emt 0:02:31]} 23. Rde1 {[%emt 0:07:46]} Bd7 {[%emt 0:01:14]} 24. Rg3 {[%emt 0:01:46]} Ba4 {[%emt 0:02:15]} 25. Qxa4 {[%emt 0:16:15]} Qxf7 {[%emt 0:00:02]} 26. Rge3 {[%emt 0:04:25]} b6 {[%emt 0:01:52]} 27. Re7 {[%emt 0:02:12]} Qd5 {[%emt 0:00:29]} 28. Bxf6 {[%emt 0:05:04]} gxf6 {[%emt 0:00:02]} 29. Qh4 {[%emt 0:01:35]} Qf5 {[%emt 0:00:58]} 30. h3 {[%emt 0:01:52]} Rg8 {[%emt 0:00:30]} 31. R1e3 {[%emt 0:01:48]} Rg7 {[%emt 0:00:32]} 32. Rxg7 {[%emt 0:01:42]} Kxg7 {[%emt 0:00:01]} 33. Rf3 {[%emt 0:00:29]} Qb1+ {[%emt 0:00:48]} 34. Kh2 {[%emt 0:00:01]} Rf8 {[%emt 0:00:26]} 35. Rg3+ {[%emt 0:00:29]} Kf7 {[%emt 0:00:01]} 36. Qc4+ {[%emt 0:00:13]} Ke8 {[%emt 0:01:09]} 37. Re3+ {[%emt 0:01:29]} Kd8 {[%emt 0:00:36]} 38. Qe6 {[%emt 0:00:19]} Rh8 {[%emt 0:00:29]} 39. Qxf6+ {[%emt 0:00:17]} Kc7 {[%emt 0:00:11]} 40. Qxh8 {[%emt 0:00:11]} Qxa2 {[%emt 0:00:25]} 41. Rc3+ {[%emt 0:00:24]} Kb7 {[%emt 0:00:00]} 42. Qc8# {[%emt 0:00:11]} 1-0

[Event "FRA-ch Youth U18 2018"]
[Site "Agen"]
[Date "2018.04.20"]
[Round "7"]
[White "El Barbry, Sarah"]
[Black "Pigeat, Typhaine"]
[Result "1-0"]
[WhiteElo "1750"]
[BlackElo "1733"]
[Annotator "NA"]
[PlyCount "77"]
[EventDate "2018.??.??"]
[EventType "swiss"]
[EventCountry "FRA"]
[SourceTitle "playchess.com"]
[Source "ChessBase"]
[SourceQuality "1"]
[TimeControl "5400+30"]

1. e4 {[%emt 0:04:54]} c5 {[%emt 0:00:19]} 2. d4 {[%emt 0:00:04]} cxd4 {[%emt 0:00:54]} 3. c3 {[%emt 0:00:03]} d3 {[%emt 0:05:54]} 4. c4 {[%emt 0:00:04]} e6 {[%emt 0:01:29]} 5. Bxd3 {[%emt 0:00:06]} Nc6 {[%emt 0:01:17]} 6. Nf3 {[%emt 0:01:00]} h6 {[%emt 0:01:52]} 7. O-O {[%emt 0:00:21]} b6 {[%emt 0:00:29]} 8. Nc3 {[%emt 0:02:43]} Bd6 {[%emt 0:05:54]} 9. Nb5 {[%emt 0:02:10]} Bb8 {[%emt 0:04:49]} 10. Bb1 {[%emt 0:02:15]} Ba6 {[%emt 0:09:53]} 11. Re1 {[%emt 0:06:51]} Nge7 {[%emt 0:05:41]} 12. b3 {[%emt 0:02:17]} O-O {[%emt 0:04:22]} 13. Bb2 {[%emt 0:11:25]} Ng6 {[%emt 0:02:20]} 14. e5 {[%emt 0:09:15]} Bb7 {[%emt 0:09:01]} 15. Nd6 {[%emt 0:05:51]} Bxd6 16. exd6 Rc8 {[%emt 0:04:30]} 17. Qd3 {[%emt 0:02:40]} Nb4 {[%emt 0:05:05]} 18. Qc3 {[%emt 0:00:27]} Qf6 {[%emt 0:03:32]} 19. Qd2 {[%emt 0:03:36]} Qf4 {[%emt 0:07:08]} 20. Qxb4 {[%emt 0:01:03]} Bxf3 {[%emt 0:03:01]} 21. Qc3 {[%emt 0:04:11]} Qf6 {[%emt 0:02:44]} 22. Qxf6 {[%emt 0:00:02]} gxf6 {[%emt 0:00:27]} 23. gxf3 {[%emt 0:00:03]} Nh4 {[%emt 0:06:32]} 24. Re4 {[%emt 0:03:01]} Nxf3+ {[%emt 0:01:17]} 25. Kg2 {[%emt 0:00:05]} f5 {[%emt 0:00:56]} 26. Rf4 {[%emt 0:05:54]} Ng5 {[%emt 0:01:04]} 27. h4 {[%emt 0:07:12]} Nh7 {[%emt 0:01:34]} 28. Kh2 {[%emt 0:00:52]} f6 {[%emt 0:00:21]} 29. Bd3 {[%emt 0:00:52]} Kf7 {[%emt 0:00:18]} 30. Be2 {[%emt 0:00:25]} Rg8 {[%emt 0:00:41]} 31. Bh5+ {[%emt 0:00:59]} Kf8 {[%emt 0:00:14]} 32. Rf3 {[%emt 0:05:53]} Rc5 {[%emt 0:03:21]} 33. Rg1 {[%emt 0:00:35]} Rg7 {[%emt 0:02:58]} 34. Rxg7 {[%emt 0:00:30]} Kxg7 {[%emt 0:00:09]} 35. Rg3+ {[%emt 0:00:29]} Kf8 {[%emt 0:02:36]} 36. Bg6 {[%emt 0:00:24]} f4 {[%emt 0:00:50]} 37. Rg1 {[%emt 0:00:23]} Kg7 {[%emt 0:00:25]} 38. Bxh7+ {[%emt 0:02:17]} Kxh7 {[%emt 0:00:13]} 39. Bxf6 1-0